Бизнес-карта 2000-2001. [Промышленность. Отрасль]. Т. 9: Пищевая промышленность (Запись № 971001)

Подробности
000 -МАРКЕР
контрольное поле 01660nam2a2200325 4500
001 - ИДЕНТИФИКАТОР ЗАПИСИ
контрольное поле RU\NLR\bibl\171802
005 - ИДЕНТИФИКАТОР ВЕРСИИ
контрольное поле 20250618060542.0
010 ## - МЕЖДУНАРОДНЫЙ СТАНДАРТНЫЙ НОМЕР КНИГИ (ISBN)
Номер (ISBN) 5-246-00336-1
021 ## - НОМЕР ГОСУДАРСТВЕННОЙ РЕГИСТРАЦИИ
Код страны российская федерация
Номер 2001-16982
Номер Листа государственной регистраци 787
035 ## - ДРУГИЕ СИСТЕМНЫЕ НОМЕРА
Идентификатор записи (NLR Aleph) 000168578
100 ## - ДАННЫЕ ОБЩЕЙ ОБРАБОТКИ
Данные общей обработки 20010723d2000 |||y0rusy50 ca
101 0# - ЯЗЫК РЕСУРСА
Язык текста, звукозаписи и т.д. русский
102 ## - СТРАНА ПУБЛИКАЦИИ ИЛИ ПРОИЗВОДСТВА
Страна публикации российская федерация
105 ## - ПОЛЕ КОДИРОВАННЫХ ДАННЫХ: ТЕКСТОВЫЕ МАТЕРИАЛЫ, МОНОГРАФИЧЕСКИЕ
Кодированные данные о монографическом текстовом документе y |||||||||
200 1# - ЗАГЛАВИЕ И СВЕДЕНИЯ ОБ ОТВЕТСТВЕННОСТИ
Основное заглавие Пищевая промышленность
Сведения, относящиеся к заглавию Хлеб. Хлебобулоч. изделия. Мучные кодитер. изделия
210 ## - ПУБЛИКАЦИЯ, РАСПРОСТРАНЕНИЕ И ДР.
Дата издания, распространения и т.д. 2000
Место издания, распространения и т.д. Б. м.
215 ## - ФИЗИЧЕСКАЯ ХАРАКТЕРИСТИКА
Специфическое обозначение материала и объем 294 с.
320 ## - ПРИМЕЧАНИЯ О НАЛИЧИИ В ДОКУМЕНТЕ БИБЛИОГРАФИИ / УКАЗАТЕЛЯ
Текст примечания Алф. указ. по видам продукции и услуг: с. 7-18
320 ## - ПРИМЕЧАНИЯ О НАЛИЧИИ В ДОКУМЕНТЕ БИБЛИОГРАФИИ / УКАЗАТЕЛЯ
Текст примечания Алф. указ. по видам сырья и материалов, используемых предприятиями: с. 20-21
320 ## - ПРИМЕЧАНИЯ О НАЛИЧИИ В ДОКУМЕНТЕ БИБЛИОГРАФИИ / УКАЗАТЕЛЯ
Текст примечания Алф. указ. предприятий по обл., респ.: с. 23-54
461 #0 - УРОВЕНЬ НАБОРА
Встроенное поле 001RU\NLR\bibl\180174
-- 2001#$aБизнес-карта 2000-2001. [Промышленность. Отрасль]$vТ. 9
Системный номер (АБИС) связанной записи 1020330
Место публикации М.
Дата публикации 2000
Имя издателя, распространителя и т.д. АДИ "Бизнес-Карта"
Сведения, относящиеся к заглавию СНГ : Деловые справ.
Заглавие Бизнес-карта 2000-2001. [Промышленность. Отрасль]
Номер тома Т. 9
606 1# - НАИМЕНОВАНИЕ ТЕМЫ КАК ПРЕДМЕТ
Наименование темы Пищевкусовая промышленность
Формальный подзаголовок Бизнес-карты
Географический подзаголовок Страны СНГ
Системный номер авторитетной/нормативной записи 2137826
Идентификатор авторитетной/нормативной записи RU\NLR\auth\661288890
606 1# - НАИМЕНОВАНИЕ ТЕМЫ КАК ПРЕДМЕТ
Наименование темы Пищевая промышленность
Формальный подзаголовок Бизнес-карты
Географический подзаголовок Страны СНГ
Системный номер авторитетной/нормативной записи 2188550
Идентификатор авторитетной/нормативной записи RU\NLR\auth\661315727
686 ## - ИНДЕКСЫ ДРУГИХ КЛАССИФИКАЦИЙ
Индекс У30(2)67я2
801 #0 - ИСТОЧНИК ЗАПИСИ
Страна российская федерация
Организация NLR
Дата составления 20010723
Правила каталогизации PSBO
801 #1 - ИСТОЧНИК ЗАПИСИ
Страна российская федерация
Организация NLR
Дата составления 20010723
942 ## - ДОПОЛНИТЕЛЬНЫЕ ЭЛЕМЕНТЫ ЗАПИСИ (АБИС)
Тип экземпляра АБИС Книга
980 ## - КОЛЛЕКЦИЯ
Название коллекции Национальная библиография
Экземпляры
Тип экземпляра Дата поступления Источник поступления Библиотека постоянного хранения Библиотека текущего хранения Место хранения Шифр хранения Штрих-код Статус не для выдачи
Книга 23.07.2001 Обязательный экземпляр РНБ (Московский) РНБ (Московский) Русский книжный фонд: издания с 1957 года, 8этаж 2001-3/12517 142622  
Книга 23.07.2001 Обязательный экземпляр РНБ (Московский) РНБ (Московский) Русский книжный фонд: издания с 1957 года, 8этаж 2001-3/12517 142625